书目信息 |
| 题名: |
价值
|
|
| 作者: | 张磊 著 | |
| 分册: | ||
| 出版信息: | 杭州 浙江教育出版社 2020.09 |
|
| 页数: | 475页 | |
| 开本: | 21cm | |
| 丛书名: | ||
| 单 册: | ||
| 中图分类: | F830.59 | |
| 科图分类: | ||
| 主题词: | 投资--tou zi--研究 | |
| 电子资源: | ||
| ISBN: | 978-7-5722-0188-2 | |
| 000 | 00909nam0 2200265 450 | |
| 001 | CAL 0120203066477 | |
| 005 | 20241126101803.18 | |
| 010 | @a978-7-5722-0188-2@b精装@dCNY118.00 | |
| 100 | @a20210926d2020 em y0chiy50 ea | |
| 101 | 0 | @achi |
| 102 | @aCN@b330000 | |
| 105 | @aa z 000yy | |
| 200 | 1 | @a价值@Ajia zhi@f张磊著 |
| 210 | @a杭州@c浙江教育出版社@d2020.09 | |
| 215 | @a475页@c图@d21cm | |
| 312 | @a封面其他题名: 我对投资的思考 | |
| 314 | @a张磊, 高瓴创始人兼首席执行官。 | |
| 330 | @a本书分三部分, 寻找价值的历程、价值投资的哲学与修养、价值投资的创新框架。内容包括: 价值的底色 ; 价值投资启蒙 ; 价值投资初试炼 ; 价值投资方法与哲学等。 | |
| 503 | @n河南城建学院图书馆 | |
| 517 | 1 | @a我对投资的思考@Awo dui tou zi de si kao |
| 606 | 0 | @a投资@Atou zi@x研究 |
| 690 | @aF830.59@v5 | |
| 701 | 0 | @a张磊@Azhang lei@4著 |
| 801 | 0 | @aCN@c20210926 |
| 905 | @a河南城建学院图书馆@dF830.59@eZ133 | |
| 价值/张磊著.-杭州:浙江教育出版社,2020.09 |
| 475页:图;21cm |
| ISBN 978-7-5722-0188-2(精装):CNY118.00 |
| 本书分三部分, 寻找价值的历程、价值投资的哲学与修养、价值投资的创新框架。内容包括: 价值的底色 ; 价值投资启蒙 ; 价值投资初试炼 ; 价值投资方法与哲学等。 |
| ● |
| 相关链接 |
|
|
|
正题名:价值
索取号:F830.59/Z133
 
预约/预借
| 序号 | 登录号 | 条形码 | 馆藏地/架位号 | 状态 | 备注 |
| 1 | 1504193 | 215041933 | 外国语学院资料室/ [索取号:F830.59/Z133] | 在馆 | |
| 2 | 1554246 | 215542465 | 社科库409/ [索取号:F830.59/Z133] | 在馆 |